Incremento de la productividad del proceso de troquelado de papel y cartón, (Registro nro. 2399)

Detalles MARC
000 -LEADER
campo de control de longitud fija 01895nam a22003497a 4500
001 - NÚMERO DE CONTROL
campo de control 42835
003 - IDENTIFICADOR DE NÚMERO DE CONTROL
campo de control gtgccic
005 - FECHA Y HORA DE LA ÚLTIMA TRANSACCIÓN
campo de control 20251023105215.0
007 - CAMPO FIJO DE DESCRIPCIÓN FÍSICA--INFORMACIÓN GENERAL
campo de control de longitud fija ta
008 - DATOS DE LONGITUD FIJA--INFORMACIÓN GENERAL
campo de control de longitud fija 251023b gt ||||| |||| 00| 0 spa d
040 ## - FUENTE DE CATALOGACIÓN
Centro catalogador/agencia de origen gtgccic
Lengua de catalogación spa
Centro/agencia transcriptor gtgccic
Normas de descripción rda
084 ## - OTRO NÚMERO DE CLASIFICACIÓN
Número de control del registro de autoridad o número normalizado TPI-15-0079
100 10 - ENTRADA PRINCIPAL--NOMBRE DE PERSONA
Nombre de persona Roland Gabriel Zaldana Mejía
Fechas asociadas al nombre Ingeniero Industrial
Término indicativo de función/relación autor
245 10 - MENCIÓN DEL TÍTULO
Título Incremento de la productividad del proceso de troquelado de papel y cartón,
Resto del título en una empresa litográfica bajo la metodología cero defectos /
Mención de responsabilidad, etc. Zaldaña Mejía, Roland Gabriel
264 #1 - PRODUCCIÓN, PUBLICACIÓN, DISTRIBUCIÓN, FABRICACIÓN Y COPYRIGHT
Producción, publicación, distribución, fabricación y copyright Guatemala, Guatemala :
Nombre del de productor, editor, distribuidor, fabricante USAC, Facultad de Ingeniería ;
Fecha de producción, publicación, distribución, fabricación o copyright 2015.-
300 ## - DESCRIPCIÓN FÍSICA
Extensión xxviii, 121 p. :
Otras características físicas il. ;
Dimensiones 27 cm
336 ## - TIPO DE CONTENIDO
Fuente rdacontenido
Término de tipo de contenido Texto
Código de tipo de contenido txt
337 ## - TIPO DE MEDIO
Fuente rdamedio
Nombre/término del tipo de medio sin mediación
Código del tipo de medio n
338 ## - TIPO DE SOPORTE
Fuente rdasoporte
Nombre/término del tipo de soporte volumen
Código del tipo de soporte nc
502 ## - NOTA DE TESIS
Nota de tesis Tesis Postgrado
Tipo de título MAESTRO EN GESTIÓN INDUSTRIAL
Nombre de la institución que otorga el título USAC, Facultad de Ingeniería, Escuela de Postgrado
Año de obtención del título 2015
Identificador de la tesis TPI-15-0079
504 ## - NOTA DE BIBLIOGRAFÍA, ETC.
Nota de bibliografía, etc. Nota Bibliografía pag. 111
505 ## - NOTA DE CONTENIDO CON FORMATO
Título 1. ANTECEDENTES GENERALES
505 ## - NOTA DE CONTENIDO CON FORMATO
Título 2. MARCO TEÓRICO CONCEPTUAL (Historia y evolución de la industria)
505 ## - NOTA DE CONTENIDO CON FORMATO
Título 3. METODOLOGÍA CERO DEFECTOS
505 ## - NOTA DE CONTENIDO CON FORMATO
Título 4. PRESENTACIÓN DE RESULTADOS
520 #3 - RESUMEN, ETC.
Sumario, etc. La investigación permitió poner en práctica la metodología de mejora continua. La aplicación de herramientas y técnicas durante el proceso de troquelado de papel y cartón, en una empresa litográfica bajo la metodología cero defectos, contiene el proceso realizado en la empresa Litografía Byron Zadik, S. A. Enre los resultados alcanzados se encuentra, la evaluación del proceso actual de la empresa y la visualización de puntos críticos que más afectan o inciden en la producción de troquelado y la calidad del producto.
650 ## - PUNTO DE ACCESO ADICIONAL DE MATERIA--TÉRMINO DE MATERIA
Término de materia o nombre geográfico como elemento de entrada PRODUCTIVIDAD
650 ## - PUNTO DE ACCESO ADICIONAL DE MATERIA--TÉRMINO DE MATERIA
Término de materia o nombre geográfico como elemento de entrada PAPEL
700 ## - ENTRADA AGREGADA--NOMBRE PERSONAL
Nombre de persona MA Lic. Mario Alejandro Solares Menéndez
Término indicativo de función/relación asesor
942 ## - ELEMENTOS DE ENTRADA SECUNDARIOS (KOHA)
Fuente de la clasificación o esquema de estantería Clasificación Decimal Dewey
Tipo de ítem Koha TESISPOSTGRADO
945 ## - PROCESAMIENTO DE INFORMACIÓN LOCAL (OCLC)
a amlo
Existencias
Estatus retirado Estado de pérdida Fuente de la clasificación o esquema de estantería Estado de daño No para préstamo Biblioteca de origen Biblioteca actual Fecha de adquisición Número de inventario Total de préstamos Signatura topográfica completa Código de barras Visto por última vez Precio de reemplazo Tipo de ítem Koha Nota pública
    Clasificación Decimal Dewey     CENTRO DE INFORMACIÓN A LA CONSTRUCCIÓN-CICON CENTRO DE INFORMACIÓN A LA CONSTRUCCIÓN-CICON 23/10/2025 P-2015-0079   TPI-15-0079 20150079 23/10/2025 23/10/2025 TESISPOSTGRADO disponible